| 000 | 00572nam a2200181 i 4500 | ||
|---|---|---|---|
| 001 | 29247 | ||
| 003 | ES-MaACL | ||
| 005 | 20230906154010.0 | ||
| 007 | t| | ||
| 008 | 030121q18001899fr ||||1| fre d | ||
| 100 | 1 |
_aBalzac, Honoré de, _d1799-1850 _925139 |
|
| 245 | 1 | 0 |
_aScénes de la vie privée _b: le contrat de mariage ; un début dans la vie / _cHonoré de Balzac. |
| 260 |
_aParís : _bLib. Nouvelle, _c[18??] ( _fA. Bourdillia et Cie.) |
||
| 300 |
_a311 p. ; _c17 cm. |
||
| 740 | 0 | _aUn début dans la vie. | |
| 852 |
_aES-MaACL _jG-13550 |
||
| 999 |
_c29247 _d29247 |
||